00143nam a22000617a 4500100003100000245001600031260003400047 a Minarik, Else Holmelund,  aLittle Bear a New Yorkb Scholastic c1957